La gratuidad de la educación
Salvato in:
| Autore principale: | |
|---|---|
| Natura: | Libro |
| Lingua: | spagnolo |
| Pubblicazione: |
Santiago
Barcelona
1913
|
| Soggetti: | |
| Tags: |
Aggiungi Tag
Nessun Tag, puoi essere il primo ad aggiungerne!!
|
MARC
| LEADER | 00000nam a2200000 a 4500 | ||
|---|---|---|---|
| 001 | UCW6662 | ||
| 003 | CL-VaPUC | ||
| 008 | 920420e19130000CL |||||||||||||||||spa|d | ||
| 082 | 0 | 4 | |a 379.1 |b GAL |2 21 |
| 100 | |a Galdames, Luis |e author |9 511204 | ||
| 245 | 1 | 3 | |a La gratuidad de la educación |
| 300 | |a 183 p | ||
| 942 | |c BK | ||
| 945 | |d 19920420 00:00:00 | ||
| 260 | |a Santiago |b Barcelona |c 1913 | ||
| 650 | 7 | |a EDUCACION GRATUITA |2 CL-VaPUC |9 311677 | |
| 650 | 0 | |a Estado y educación |9 311264 | |
| 650 | 0 | |a Aspectos económicos |9 255165 | |
| 651 | 7 | |a CHILE |2 CL-VaPUC |9 311678 | |
| 583 | |a last modification |c 20170905 12:46:22 |k Rodrigo Vera | ||
| 999 | |c 219635 |d 219633 | ||
| 952 | |0 0 |1 0 |4 0 |6 379_100000000000000_GAL_1913 |7 0 |8 P |9 210821 |a BIBEDU |b BIBEDU |c BIBEDU_PB |d 2019-11-15 |i 2790408 |o 379.1 GAL 1913 |p 2790408 |r 2024-01-25 |w 2019-11-15 |y BK |k EDU | ||